NBA All-Defensive First Teams - Statistics

General Stats
  • This quiz has been taken 4,648 times
    1,758 since last reset
  • The average score is 24 of 51
Answer Stats
Year Player % Correct
2009-2013 LeBron James
90%
1998 Michael Jordan
87%
2015, 2016 DeAndre Jordan
84%
2017-2022, 2024 Rudy Gobert
84%
2000, 2003, 2004, 2006-2011 Kobe Bryant
80%
1999-2003, 2005, 2007, 2008 Tim Duncan
76%
2019-2022 Giannis Antetokounmpo
75%
2015-2017, 2021 Draymond Green
74%
2015-2017 Kawhi Leonard
73%
2019, 2020, 2022 Marcus Smart
70%
2009, 2012-2017 Chris Paul
69%
2018, 2020, 2024 Anthony Davis
66%
2002-2006 Ben Wallace
65%
2009-2012 Dwight Howard
65%
2010 Gerald Wallace
65%
2022, 2023 Jaren Jackson Jr.
64%
2024 Victor Wembanyama
64%
2000-2005, 2008, 2009, 2011 Kevin Garnett
63%
2018, 2021, 2023 Jrue Holiday
61%
1998-2002 Gary Payton
57%
1998, 1999 Scottie Pippen
56%
1999, 2001, 2002, 2006 Jason Kidd
55%
2012, 2013, 2015 Tony Allen
54%
1998, 2001 Dikembe Mutombo
51%
2013, 2014 Joakim Noah
50%
2014, 2019 Paul George
48%
1998, 1999 Karl Malone
44%
2013 Tyson Chandler
40%
2024 Bam Adebayo
39%
1999, 2000 Alonzo Mourning
38%
2024 Herb Jones
38%
2004, 2006 Ron Artest
37%
2023 Evan Mobley
36%
2010, 2011 Rajon Rondo
36%
2023 Brook Lopez
35%
2023 Alex Caruso
33%
2007, 2008 Marcus Camby
29%
2020, 2021 Ben Simmons
25%
2012-2014 Serge Ibaka
25%
2014 Andre Iguodala
23%
2004-2008 Bruce Bowen
21%
2017 Patrick Beverley
20%
2022 Mikal Bridges
18%
2016 Avery Bradley
13%
2018 Victor Oladipo
13%
2006 Andrei Kirilenko
11%
2019 Eric Bledsoe
10%
2007 Raja Bell
7%
2018 Robert Covington
7%
2003 Doug Christie
6%
2005 Larry Hughes
4%
No matching quizzes found
Score Distribution
Percent of People with Each Score
Percentile by Number Answered
Your Score History
You have not taken this quiz since the last reset